00278pab a2200097 454500008003600000100002000036245004000056650002300096650004800119773001300167180718b xxu||||| |||| 00| 0 eng d aRamachandra, C. aMunicipal finance in Andhra Pradesh a Municipal Finance aMunicipal Financie - India - Andhra Pradesh aNagarlok